SPECIAL FUCTIONS AND COMPLEX VARIABLES (Record no. 216838)

MARC details
000 -LEADER
fixed length control field 00511nam a22001817a 4500
008 - FIXED-LENGTH DATA ELEMENTS--GENERAL INFORMATION
fixed length control field 260318b |||||||| |||| 00| 0 eng d
020 ## - INTERNATIONAL STANDARD BOOK NUMBER
International Standard Book Number 978-81-203-5100-4
050 ## - LIBRARY OF CONGRESS CALL NUMBER
Classification number QA331.B38 2016
100 ## - MAIN ENTRY--PERSONAL NAME
Personal name BATHUL SHAHNAZ
245 ## - TITLE STATEMENT
Title SPECIAL FUCTIONS AND COMPLEX VARIABLES
Remainder of title ENGINEERING MATHEMATICS 111
250 ## - EDITION STATEMENT
Edition statement 3rd
260 ## - PUBLICATION, DISTRIBUTION, ETC.
Place of publication, distribution, etc. DELHI
Name of publisher, distributor, etc. PHI LEARNING PRIVATE LIMITED
Date of publication, distribution, etc. 2016
300 ## - PHYSICAL DESCRIPTION
Extent X,574
500 ## - GENERAL NOTE
General note INCLUDES AN INDEX
650 ## - SUBJECT ADDED ENTRY
Topical term or geographic name entry element COMPLEX VARIABLES
942 ## - ADDED ENTRY ELEMENTS (KOHA)
Source of classification or shelving scheme Library of Congress Classification
Koha item type Long Loan Book
Holdings
Withdrawn status Lost status Source of classification or shelving scheme Damaged status Not for loan Collection Home library Current library Shelving location Date acquired Inventory number Total checkouts Full call number Barcode Date last seen Copy number Price effective from Koha item type
    Library of Congress Classification     Science & Technology Kisii University Library Kisii University Library On Display 03/18/2026 112445   QA331.B38 2016 A000882 03/18/2026 C.1 03/18/2026 Long Loan Book
    Library of Congress Classification     Science & Technology Kisii University Library Kisii University Library On Display 03/18/2026 112446   QA331.B38 2016 A000877 03/18/2026 C.2 03/18/2026 Long Loan Book
    Library of Congress Classification     Science & Technology Kisii University Library Kisii University Library On Display 03/18/2026 112447   QA331.B38 2016 A000875 03/18/2026 C.3 03/18/2026 Long Loan Book
    Library of Congress Classification     Science & Technology Kisii University Library Kisii University Library On Display 03/18/2026 112448   QA331.B38 2016 A000873 03/18/2026 C.4 03/18/2026 Long Loan Book